| 000 | 01326cam a22003495a 4500 | ||
|---|---|---|---|
| 003 | EG-ScBUE | ||
| 005 | 20220531100056.0 | ||
| 008 | 140814r20042001enka f 001 0 eng d | ||
| 020 | _a9770520519 | ||
| 020 | _a9780521016339 | ||
| 040 |
_aEG-ScBUE _beng _erda _cEG-ScBUE _dEG-ScBUE |
||
| 082 | 0 | 4 |
_a428.24 _bMCC _222 |
| 100 | 1 |
_aMcCarthy, Michael, _d1947- _eauthor. _931872 |
|
| 245 | 1 | 0 |
_aEnglish vocabulary in use, _pUpper-intermediate / _cMichael McCarthy, Felicity O'Dell. |
| 246 | 3 | 4 |
_aEnglish vocabulary in use : _bupper-intermediate : self-study and classroom use |
| 246 | 3 | 0 | _aUpper-intermediate |
| 250 | _aNew edition. | ||
| 250 | _aLow price Egyptian edition. | ||
| 264 | 1 |
_aCambridge, United Kingdom : _bCambridge University Press ; _aCairo, Egypt : _bThe Anglo-Egyptian Bookshop, _c2004. |
|
| 300 |
_a296 pages : _billustrations ; _c25 cm |
||
| 336 |
_2rdacontent _atext _btxt |
||
| 337 |
_2rdamedia _aunmediated _bn |
||
| 338 |
_2rdacarrier _avolume _bnc |
||
| 500 | _aIncludes index. | ||
| 590 | _aHAGER | ||
| 650 | 7 |
_aVocabulary _vProblems, exercises, etc. _2BUEsh |
|
| 650 | 7 |
_aEnglish language. _vTextbooks for foreign speakers. _2BUEsh |
|
| 653 |
_bHHUUEENN _cJuly2019 |
||
| 655 |
_vReading book _934232 |
||
| 700 | 1 |
_aO'Dell, Felicity, _d 1947- _eauthor. |
|
| 942 |
_k428.24 MCC _2ddc _cBB |
||
| 999 |
_c20681 _d20653 |
||